Gaming Quiz

Random Gaming or Clickable Quiz

Clickable Concentration (Redux) Quiz Stats

 Plays Quiz Updated Nov 15, 2013

Support Sporcle.
Go Orange.
Score 0/52 Timer 02:00
45 Plays Today
% Correct
???
70.5%
???
69.8%
???
69.3%
???
68.4%
???
66.7%
???
66.1%
???
65.2%
???
64.9%
???
64.8%
???
64.7%
???
64.4%
???
63.9%
???
63.1%
???
62.3%
???
61.8%
???
61%
???
60.6%
???
59%
???
58.7%
???
57.2%
???
56.9%
???
54.4%
???
54.1%
???
52.8%
???
51.7%
???
50.5%
% Correct
???
50.4%
???
49%
???
48.4%
???
47.7%
???
47.6%
???
46.9%
???
46.8%
???
46.2%
???
45.9%
???
45.9%
???
45.8%
???
45.8%
???
45.7%
???
45.3%
???
44.8%
???
44.5%
???
44.3%
???
44.1%
???
43.2%
???
43.1%
???
43.1%
???
43.1%
???
42.6%
???
42.3%
???
41.9%
???
40.9%

You're not logged in!

Compare scores with friends on all Sporcle quizzes.
OR
Log In

From the Vault

Fix the South America Map

by mikenew

After you fix this map, go ahead and move on to Rio, the Olympics are gonna need it.
Remove Ads.
Support Sporcle.
Get the best of Sporcle when you Go Orange. This ad-free experience offers more features, more stats, and more fun while also helping to support Sporcle. Thank you for becoming a member.

Show Comments

Extras

Top Quizzes Today


Score Distribution

Your Account Isn't Verified!

In order to create a playlist on Sporcle, you need to verify the email address you used during registration. Go to your Sporcle Settings to finish the process.

Report this User

Report this user for behavior that violates our Community Guidelines.

Details: